Ako postupovať pri faktorovej analýze v SAS Enterprise Guide

Vymedzenie pojmu faktorová analýza. Termín spoločný faktor. (common factor). Klasifikácia faktorovej analýzy. Všeobecná schéma aplikovania faktorovej analýzy. Odhad parametrov faktorového modelu. Praktický príklad.

Saved in:
Bibliographic Details
Main Author: Stankovičová, Iveta
Format: Book Chapter
Language:Slovak
Subjects:
Tags: Add Tag
No Tags, Be the first to tag this record!

MARC

LEADER 00000naa$a2200000$$$4500
001 0051689
005 20220715093515.5
041 0 |a slo 
044 |a SK 
245 1 0 |a Ako postupovať pri faktorovej analýze v SAS Enterprise Guide  |c Iveta Stankovičová 
520 |a Vymedzenie pojmu faktorová analýza. Termín spoločný faktor. (common factor). Klasifikácia faktorovej analýzy. Všeobecná schéma aplikovania faktorovej analýzy. Odhad parametrov faktorového modelu. Praktický príklad. 
610 2 0 |a analýza faktorová 
610 2 0 |a pojmy 
610 2 0 |a metódy štatistické 
610 2 0 |a psychológia ekonomická 
610 2 0 |a matice 
610 2 0 |a metódy maticové 
610 2 0 |a odhad štatistický 
100 1 |a Stankovičová, Iveta